000 00654nam a2200277Ia 4500
005 20260324140832.0
008 008 260324s9999 xx 000 0 eng d
020 _a9781003374855
037 _aEBOOK
040 _aCRL
040 _beng
040 _cCRL
041 _2eng
041 _aeng
084 _qCRL
100 _aD.R. Woolf
_91205918
245 2 _aA Global Encyclopedia of Historical Writing, Volume 2
260 _bTaylor and Francis
260 _c1998
365 _a
365 _b64.95
856 _uhttp://www.taylorfrancis.com/books/9781003374855
942 _cEBOOK
999 _c1808390
_d1808390